000
00274nam a2200097Ia 4500
001
682970
005
20250826161429.0
008
250824s9999 xx 000 0 und d
245
0
_a
BİR DEVLET EADINI VEREN ATA SELÇUK BEY
_c
AHMET HALDUN TERZİOĞLU
260
_b
PANAMA YAYINLARI
999
_c
682970
_d
682970